[Event "23th Capablanca Memorial"]
[Site "Havana CUB"]
[Date "1988.??.??"]
[Round "9"]
[White "Rivas Pastor, Manuel"]
[Black "Nogueiras Santiago, Jesus"]
[Result "1-0"]
[WhiteElo "2505"]
[BlackElo "2560"]
[EventDate "1988.05.22"]
[PlyCount "79"]

1.c4 e6 2.Nf3 d5 3.b3 Nf6 4.g3 Be7 5.Bg2 O-O 6.Bb2 c5 7.cxd5 exd5 8.d4 Nc6
9.O-O Ne4 10.Nc3 Bf6 11.Na4 Re8 12.Rc1 b6 13.dxc5 Bxb2 14.Nxb2 bxc5 15.Na4
Ba6 16.Re1 c4 17.Nd2 Qf6 18.Nxe4 dxe4 19.bxc4 Rad8 20.Qb3 Nd4 21.Qe3 Qc6 
22.Nb2 Qb6 23.Qc3 Qf6 24.Bf1 Bb7 25.Nd1 Qe5 26.Ne3 f5 27.Red1 Qc5 28.Nd5 
Nc6 29.Bh3 e3 30.fxe3 Ne5 31.Bxf5 Bc8 32.Bxc8 Rxc8 33.Rd4 h5 34.h3 Qd6 35.
Nf4 Qh6 36.c5 Qg5 37.Kh2 h4 38.Rg1 Kh8 39.Rd5 Rcd8 40.Rxe5 1-0

[Event "23th Capablanca Memorial"]
[Site "Havana CUB"]
[Date "1988.??.??"]
[Round "9"]
[White "Zapata Ramirez, Alonso"]
[Black "Dorfman, Iosif"]
[Result "0-1"]
[WhiteElo "2500"]
[BlackElo "2520"]
[EventDate "1988.05.22"]
[PlyCount "128"]

1.e4 c6 2.d4 d5 3.Nc3 dxe4 4.Nxe4 Bf5 5.Ng3 Bg6 6.h4 h6 7.Nf3 Nd7 8.Bd3 
Bxd3 9.Qxd3 Ngf6 10.Bd2 e6 11.O-O-O Qc7 12.Rhe1 O-O-O 13.Qb3 c5 14.Qa3 Kb8
15.Ba5 Nb6 16.Bxb6 Qxb6 17.Ne5 Qc7 18.Ne4 Nxe4 19.Rxe4 Bd6 20.Nf3 Be7 21.
Rd3 Rd5 22.Rc3 Bf6 23.Qb3 Qb6 24.Qxb6 axb6 25.Rc4 cxd4 26.Nxd4 Rhd8 27.c3 
e5 28.Nf3 b5 29.Rb4 Be7 30.Rb3 f6 31.Kc2 h5 32.a4 bxa4 33.Rxa4 Bc5 34.Re4 
Bxf2 35.Re2 Bg3 36.c4 Ra5 37.Rb6 Bf4 38.Ne1 Bg3 39.Nf3 Ra4 40.Kc3 Ra1 41.
Re6 Kc7 42.Re7+ Rd7 43.Re8 Bf4 44.Rh8 Bh6 45.Kb4 Rad1 46.Re8 Rd8 47.Re6 
R1d6 48.Rxd6 Rxd6 49.c5 Rd1 50.Kb5 g6 51.b4 Bf8 52.Nd2 Be7 53.Nc4 Rd4 54.
g3 e4 55.Ra2 f5 56.Ra8 Rd8 57.Rxd8 Bxd8 58.Ne5 g5 59.hxg5 Bxg5 60.Kc4 Bf4 
61.gxf4 h4 62.Ng4 fxg4 63.f5 g3 64.f6 Kd8 0-1

[Event "23th Capablanca Memorial"]
[Site "Havana CUB"]
[Date "1988.??.??"]
[Round "9"]
[White "Milos, Gilberto"]
[Black "Vogt, Lothar"]
[Result "0-1"]
[WhiteElo "2510"]
[BlackElo "2460"]
[EventDate "1988.05.22"]
[PlyCount "93"]

1.d4 Nf6 2.c4 g6 3.Nc3 Bg7 4.e4 d6 5.f3 O-O 6.Be3 e5 7.Nge2 c6 8.Qd2 Nbd7 
9.O-O-O a6 10.Kb1 b5 11.Nc1 Qe7 12.dxe5 dxe5 13.Qd6 Qxd6 14.Rxd6 Bb7 15.
Nb3 Rfc8 16.Na5 Rab8 17.cxb5 axb5 18.Nxb7 Rxb7 19.Be2 Bf8 20.Rd2 Bc5 21.
Bxc5 Nxc5 22.Rc1 Rbc7 23.Nd1 Ne6 24.Nf2 Nd7 25.Nd3 c5 26.Bf1 Nd4 27.Ne1 c4
28.f4 Ne6 29.fxe5 Nxe5 30.Nf3 Ng4 31.Re1 b4 32.h3 Nf6 33.Ne5 c3 34.Rf2 Kg7
35.Bd3 Nc5 36.Bc2 Re8 37.Nf3 Nfxe4 38.Rfe2 f5 39.g4 Kf6 40.gxf5 gxf5 41.
Rf1 Nd2+ 42.Rxd2 cxd2 43.Nxd2 Re5 44.b3 Rce7 45.Rf4 Rd5 46.Nc4 Re1+ 47.Kb2
0-1

[Event "23th Capablanca Memorial"]
[Site "Havana CUB"]
[Date "1988.??.??"]
[Round "10"]
[White "Rivas Pastor, Manuel"]
[Black "Milos, Gilberto"]
[Result "1-0"]
[WhiteElo "2505"]
[BlackElo "2510"]
[EventDate "1988.05.22"]
[PlyCount "109"]

1.c4 g6 2.Nc3 Bg7 3.d4 c5 4.d5 d6 5.e4 Nf6 6.Bd3 O-O 7.Nge2 e5 8.h3 Ne8 9.
g4 Qh4 10.Ng3 Bh6 11.Bxh6 Qxh6 12.Qd2 Qxd2+ 13.Kxd2 Nd7 14.h4 f6 15.h5 Rf7
16.Be2 Nf8 17.Rhf1 Bd7 18.f4 Nc7 19.fxe5 fxe5 20.g5 Rxf1 21.Nxf1 Re8 22.
Ne3 Re7 23.Rf1 Rf7 24.Rxf7 Kxf7 25.h6 Ke7 26.Bg4 Bxg4 27.Nxg4 Nd7 28.a3 
Na8 29.b4 Nab6 30.Ne3 a6 31.Kc2 Kf7 32.Kb3 Ke7 33.Ng4 Kf7 34.Nf2 Ke7 35.
Nd3 Nc8 36.Nf2 Na7 37.Nd3 b5 38.bxc5 dxc5 39.Nb2 Nb6 40.cxb5 axb5 41.a4 
bxa4+ 42.Ncxa4 Nbc8 43.Nc4 Nb5 44.Nxe5 Nd4+ 45.Kc3 Ne2+ 46.Kd3 Nf4+ 47.Ke3
Nh3 48.Nf3 Kd6 49.Nc3 Nb6 50.e5+ Kd7 51.d6 Ke6 52.Ne4 Kf5 53.Nxc5 Nxg5 54.
Nxg5 Kxg5 55.d7 1-0

[Event "23th Capablanca Memorial"]
[Site "Havana CUB"]
[Date "1988.??.??"]
[Round "10"]
[White "Popchev, Milko"]
[Black "Rodriguez Cespedes, Amador"]
[Result "0-1"]
[WhiteElo "2470"]
[BlackElo "2540"]
[EventDate "1988.05.22"]
[PlyCount "116"]

1.Nf3 Nf6 2.g3 b6 3.Bg2 Bb7 4.O-O c5 5.d3 g6 6.e4 d6 7.Re1 Nc6 8.d4 cxd4 
9.Nxd4 Rc8 10.Nc3 Bg7 11.Nxc6 Bxc6 12.Nd5 O-O 13.Bg5 e6 14.Nb4 Ba8 15.Qd2 
Qc7 16.c3 Ng4 17.Qe2 Ne5 18.Nd3 Nc4 19.Rad1 b5 20.Rc1 a5 21.b3 Nb6 22.Bd2 
Bc6 23.Be3 Rfd8 24.Qd2 Qb7 25.c4 bxc4 26.bxc4 Qa6 27.Bf1 Nxc4 28.Ne5 Bxe5 
29.Bxc4 Bb5 30.Bxb5 Qxb5 31.Bd4 Bxd4 32.Qxd4 Qb4 33.Qxb4 axb4 34.Rb1 Rc4 
35.Rb2 Ra8 36.Re3 Kf8 37.f3 Ra3 38.Kf2 Ke7 39.g4 g5 40.Ke2 Kf6 41.Reb3 Ke5
42.Rxb4 Rxb4 43.Rxb4 Rxa2+ 44.Ke3 Ra3+ 45.Ke2 Kf4 46.Rb7 Re3+ 47.Kd2 Rxf3 
48.Rxf7+ Kxe4 49.Rxh7 d5 50.h4 gxh4 51.Rxh4 e5 52.Ke2 Rf4 53.Kd2 d4 54.Ke2
d3+ 55.Kd2 Rf2+ 56.Ke1 Rg2 57.g5+ Ke3 58.Rh3+ Kd4 0-1

[Event "23th Capablanca Memorial"]
[Site "Havana CUB"]
[Date "1988.??.??"]
[Round "10"]
[White "Garcia Gonzales, Guillermo"]
[Black "Nogueiras Santiago, Jesus"]
[Result "1/2-1/2"]
[WhiteElo "2485"]
[BlackElo "2560"]
[EventDate "1988.05.22"]
[PlyCount "24"]

1.d4 Nf6 2.c4 e6 3.Nf3 Bb4+ 4.Bd2 Qe7 5.e3 O-O 6.Be2 Bxd2+ 7.Qxd2 d6 8.Nc3
Nbd7 9.O-O b6 10.Ne1 Bb7 11.Bf3 Bxf3 12.Nxf3 c6 1/2-1/2

[Event "23th Capablanca Memorial"]
[Site "Havana CUB"]
[Date "1988.??.??"]
[Round "10"]
[White "Azmaiparashvili, Zurab"]
[Black "Diaz Diaz, Joaquin"]
[Result "1-0"]
[WhiteElo "2540"]
[BlackElo "2485"]
[EventDate "1988.05.22"]
[PlyCount "119"]

1.c4 e6 2.Nc3 d5 3.d4 Be7 4.cxd5 exd5 5.Bf4 c6 6.Qc2 g6 7.e3 Bf5 8.Qd2 Nf6
9.Nge2 Nbd7 10.Ng3 Be6 11.Bd3 O-O 12.O-O Ne8 13.Bh6 Ng7 14.Nce2 f5 15.b4 
a6 16.a4 a5 17.b5 Bb4 18.Qc2 Rc8 19.bxc6 bxc6 20.Rfc1 Qh4 21.Bxg7 Kxg7 22.
Nf4 Qe7 23.Ra2 c5 24.Ba6 Rc7 25.dxc5 Nxc5 26.Bb5 Rfc8 27.Qd1 Ne4 28.Rxc7 
Rxc7 29.Nge2 Nc3 30.Nxc3 Bxc3 31.Rc2 Be5 32.Rxc7 Bxc7 33.Qd4+ Kh6 34.g3 
Bf7 35.Nxd5 Bxd5 36.Qxd5 Kg7 37.Bc4 Kh6 38.h4 Qe5 39.Qd7 Qg7 40.Bf7 Qe5 
41.h5 Qd6 42.Qb5 Qe7 43.hxg6 hxg6 44.Bd5 Qd6 45.Qe8 Qd8 46.Qf7 Be5 47.Kg2 
Bf6 48.Qe6 Bc3 49.e4 fxe4 50.Bxe4 Qf6 51.Qg8 Qg7 52.Qe8 Qf6 53.Bxg6 Qxg6 
54.Qe3+ Kh7 55.Qxc3 Qe4+ 56.Kf1 Qxa4 57.Ke2 Qa2+ 58.Qd2 Qa1 59.Kd3 Qb1+ 
60.Kc4 1-0

[Event "23th Capablanca Memorial"]
[Site "Havana CUB"]
[Date "1988.??.??"]
[Round "10"]
[White "Vogt, Lothar"]
[Black "Zapata Ramirez, Alonso"]
[Result "1/2-1/2"]
[WhiteElo "2460"]
[BlackElo "2500"]
[EventDate "1988.05.22"]
[PlyCount "155"]

1.e4 c5 2.Nf3 e6 3.d4 cxd4 4.Nxd4 Nc6 5.Nc3 a6 6.g3 Nge7 7.Nb3 d6 8.a4 Bd7
9.Bg2 Nc8 10.O-O Be7 11.f4 O-O 12.Be3 Qc7 13.Qe2 Nb4 14.Qf2 Rb8 15.Nd4 Bf6
16.g4 e5 17.fxe5 Bxe5 18.Nf5 b5 19.axb5 axb5 20.Bf4 Bxf4 21.Qxf4 Be6 22.
Rf2 Qc5 23.Rd1 Qe5 24.Qxe5 dxe5 25.h3 Na6 26.Nd5 Rb7 27.Ra1 Nc7 28.Nb4 Rb6
29.Rd2 f6 30.Ne3 Rd6 31.Ned5 Bxd5 32.exd5 Rfd8 33.b3 Nb6 34.Rc1 Ne6 35.c4 
Nc5 36.Rc3 bxc4 37.bxc4 Ra8 38.Nd3 Rc8 39.Nxc5 Rxc5 40.Ra2 Rxc4 41.Rxc4 
Nxc4 42.Be4 Rd8 43.Bf5 g6 44.Be6+ Kh8 45.Kf2 f5 46.Rc2 Nd6 47.Re2 fxg4 48.
hxg4 Rf8+ 49.Ke3 Kg7 50.g5 h6 51.gxh6+ Kxh6 52.Rc2 Kg5 53.Rc6 Rd8 54.Rc1 
Ra8 55.Rc6 Ra3+ 56.Kd2 Ne4+ 57.Kc2 Ra2+ 58.Kc1 Ra1+ 59.Kc2 Ra2+ 60.Kc1 Ra4
61.Bf7 Nf6 62.Rc2 Kh6 63.Re2 Re4 64.Rd2 Rc4+ 65.Kd1 Rc8 66.Re2 e4 67.Kd2 
Rc4 68.Ke3 Ng4+ 69.Kf4 e3+ 70.Kg3 Ne5 71.Be6 Rc3 72.d6 Kg5 73.d7 Rd3 74.
d8=Q+ Rxd8 75.Rxe3 Kf6 76.Bh3 g5 77.Ra3 Rd6 78.Bc8 1/2-1/2

[Event "23th Capablanca Memorial"]
[Site "Havana CUB"]
[Date "1988.??.??"]
[Round "11"]
[White "Rodriguez Cespedes, Amador"]
[Black "Diaz Diaz, Joaquin"]
[Result "1/2-1/2"]
[WhiteElo "2540"]
[BlackElo "2485"]
[EventDate "1988.05.22"]
[PlyCount "65"]

1.e4 c5 2.Nc3 Nc6 3.g3 g6 4.Bg2 Bg7 5.d3 e6 6.Be3 Nd4 7.f4 Ne7 8.Nf3 d5 9.
Bf2 Nxf3+ 10.Bxf3 d4 11.Ne2 e5 12.O-O Bh3 13.Re1 Qd7 14.Qd2 Nc6 15.c3 O-O 
16.cxd4 Nxd4 17.Nxd4 cxd4 18.Rac1 Rfc8 19.fxe5 Bxe5 20.Qa5 f6 21.Red1 Rxc1
22.Rxc1 Rc8 23.Rxc8+ Qxc8 24.Qd2 Kg7 25.Bd1 h5 26.Qc2 Qxc2 27.Bxc2 Be6 28.
a3 a6 29.Kg2 g5 30.Bd1 Kg6 31.h3 g4 32.hxg4 hxg4 33.Kf1 1/2-1/2

[Event "23th Capablanca Memorial"]
[Site "Havana CUB"]
[Date "1988.??.??"]
[Round "11"]
[White "Popchev, Milko"]
[Black "Nogueiras Santiago, Jesus"]
[Result "1/2-1/2"]
[WhiteElo "2470"]
[BlackElo "2560"]
[EventDate "1988.05.22"]
[PlyCount "85"]

1.g3 g6 2.Bg2 Bg7 3.e4 c5 4.d3 Nc6 5.Ne2 Nf6 6.O-O O-O 7.c4 Ne8 8.Nbc3 Nc7
9.a3 d6 10.Rb1 Rb8 11.b4 cxb4 12.axb4 b5 13.cxb5 Nxb5 14.Nxb5 Rxb5 15.Qa4 
Qb6 16.Be3 Qa6 17.Qxa6 Bxa6 18.e5 Nxb4 19.exd6 exd6 20.Bxa7 Nxd3 21.Nd4 
Rxb1 22.Rxb1 Bc4 23.Nc6 Re8 24.Be3 h5 25.Rb7 Bf8 26.Bf1 Nc5 27.Rc7 Ne6 28.
Ne7+ Bxe7 29.Rxc4 d5 30.Rc1 Bg5 31.Rd1 d4 32.Bxg5 Nxg5 33.h4 Nf3+ 34.Kg2 
Ne1+ 35.Kh1 Re4 36.Bg2 Re2 37.Kg1 Nc2 38.Bf1 Re4 39.Bc4 Ne1 40.Kf1 Nf3 41.
Kg2 Ne1+ 42.Kf1 Nf3 43.Kg2 1/2-1/2

[Event "23th Capablanca Memorial"]
[Site "Havana CUB"]
[Date "1988.??.??"]
[Round "11"]
[White "Garcia Gonzales, Guillermo"]
[Black "Milos, Gilberto"]
[Result "1/2-1/2"]
[WhiteElo "2485"]
[BlackElo "2510"]
[EventDate "1988.05.22"]
[PlyCount "20"]

1.d4 d5 2.c4 e6 3.Nf3 Nf6 4.Nc3 Be7 5.cxd5 exd5 6.Bg5 O-O 7.e3 c6 8.Bd3 
Nbd7 9.O-O Re8 10.Qc2 Nf8 1/2-1/2